Oxford take off in French / (Record no. 25011)
[ view plain ]
| 000 -LEADER | |
|---|---|
| fixed length control field | 01519cam a2200433 a 4500 |
| 001 - CONTROL NUMBER | |
| control field | 15456628 |
| 003 - CONTROL NUMBER IDENTIFIER | |
| control field | EG-ScBUE |
| 005 - DATE AND TIME OF LATEST TRANSACTION | |
| control field | 20220626114717.0 |
| 006 - FIXED-LENGTH DATA ELEMENTS--ADDITIONAL MATERIAL CHARACTERISTICS--GENERAL INFORMATION | |
| fixed length control field | m||||fq||h 00| 0 |
| 008 - FIXED-LENGTH DATA ELEMENTS--GENERAL INFORMATION | |
| fixed length control field | 080918s2008 enk f 001 0 eng d |
| 020 ## - INTERNATIONAL STANDARD BOOK NUMBER | |
| International Standard Book Number | 9780199534333 (Kit) |
| 020 ## - INTERNATIONAL STANDARD BOOK NUMBER | |
| International Standard Book Number | 9780198609933 (Coursebook) |
| 020 ## - INTERNATIONAL STANDARD BOOK NUMBER | |
| International Standard Book Number | 9780198609704 (Travel dictionary and phrasebook) |
| 040 ## - CATALOGING SOURCE | |
| Original cataloging agency | DLC |
| Language of cataloging | eng |
| Description conventions | rda |
| Transcribing agency | DLC |
| Modifying agency | DLC |
| -- | EG-ScBUE |
| 041 0# - LANGUAGE CODE | |
| Language code of text/sound track or separate title | eng |
| -- | fre |
| 082 04 - DEWEY DECIMAL CLASSIFICATION NUMBER | |
| Classification number | 448.3421 |
| Item number | BOU |
| Edition number | 22 |
| 100 1# - MAIN ENTRY--PERSONAL NAME | |
| Personal name | Bougard, Marie-Thérèse, |
| Relator term | author. |
| 245 10 - TITLE STATEMENT | |
| Title | Oxford take off in French / |
| Statement of responsibility, etc | Marie-Thérèse Bougard. |
| 246 30 - VARYING FORM OF TITLE | |
| Title proper/short title | Take off in French |
| 250 ## - EDITION STATEMENT | |
| Edition statement | Third edition. |
| 264 #1 - PUBLICATION, DISTRIBUTION, ETC. (IMPRINT) | |
| Place of publication, distribution, etc | Oxford : |
| Name of publisher, distributor, etc | Oxford University Press, |
| Date of publication, distribution, etc | 2008. |
| 300 ## - PHYSICAL DESCRIPTION | |
| Extent | 2 volumes ; |
| Dimensions | 20 cm. + |
| Accompanying material | 5 sound discs |
| 336 ## - CONTENT TYPE | |
| Source | rdacontent |
| Content type term | text |
| Content type code | txt |
| 336 ## - CONTENT TYPE | |
| Source | rdacontent |
| Content type term | sounds |
| Content type code | snd |
| 337 ## - MEDIA TYPE | |
| Source | rdamedia |
| Media type term | unmediated |
| Media type code | n |
| 337 ## - MEDIA TYPE | |
| Source | rdamedia |
| Media type term | audio |
| Media type code | s |
| 338 ## - CARRIER TYPE | |
| Source | rdacarrier |
| Carrier type term | volume |
| Carrier type code | nc |
| 338 ## - CARRIER TYPE | |
| Source | rdacarrier |
| Carrier type term | computer disc |
| Carrier type code | cd |
| 500 ## - GENERAL NOTE | |
| General note | Includes index. |
| 505 0# - FORMATTED CONTENTS NOTE | |
| Formatted contents note | Volume 1. The complete language-learning kit -- Volume 2. Travel dictionary and phrasebook. |
| 546 ## - LANGUAGE NOTE | |
| Language note | Text in English and French. |
| 650 #7 - SUBJECT ADDED ENTRY--TOPICAL TERM | |
| Topical term or geographic name as entry element | French language |
| Form subdivision | Textbooks for foreign speakers |
| General subdivision | English. |
| Source of heading or term | BUEsh |
| 650 #7 - SUBJECT ADDED ENTRY--TOPICAL TERM | |
| Topical term or geographic name as entry element | French language |
| Form subdivision | Conversation and phrase books |
| General subdivision | English. |
| Source of heading or term | BUEsh |
| 650 #7 - SUBJECT ADDED ENTRY--TOPICAL TERM | |
| Topical term or geographic name as entry element | French language |
| General subdivision | Self-instruction. |
| Source of heading or term | BUEsh |
| 651 ## - SUBJECT ADDED ENTRY--GEOGRAPHIC NAME | |
| Source of heading or term | BUEsh |
| 653 ## - INDEX TERM--UNCONTROLLED | |
| Resource For college | Humanities: English |
| Arrived date list | July2017 |
| 655 ## - INDEX TERM--GENRE/FORM | |
| Form subdivision | Reading book |
| 9 (RLIN) | 34232 |
| 942 ## - ADDED ENTRY ELEMENTS (KOHA) | |
| Source of classification or shelving scheme | Dewey Decimal Classification |
| Koha item type | Book - Borrowing |
| Withdrawn status | Lost status | Source of classification or shelving scheme | Damaged status | Not for loan | Collection code | Home library | Current library | Shelving location | Date acquired | Source of acquisition | Cost, normal purchase price | Serial Enumeration / chronology | Total Checkouts | Total Renewals | Full call number | Barcode | Date last seen | Date checked out | Cost, replacement price | Price effective from | Koha item type | Public note |
|---|---|---|---|---|---|---|---|---|---|---|---|---|---|---|---|---|---|---|---|---|---|---|
| Dewey Decimal Classification | Academic Bookshop | Central Library | Central Library | Second Floor | 10/07/2017 | Purchase | 216.00 | 1842 | 4 | 61 | 448.3421 BOU | 000041990 | 15/07/2025 | 17/07/2022 | 432.50 | 10/07/2017 | Book - Borrowing | |||||
| Dewey Decimal Classification | Academic Bookshop | Central Library | Central Library | Second Floor | 10/07/2017 | Purchase | 216.00 | 1842 | 3 | 53 | 448.3421 BOU | 000041991 | 15/07/2025 | 17/07/2022 | 432.50 | Book - Borrowing | (Travel dictionary and phrasebook) | |||||
| Dewey Decimal Classification | Academic Bookshop | Central Library | Central Library | Second Floor | 10/07/2017 | Purchase | 216.00 | 1842 | 448.3421 BOU | 000041992 | 24/08/2022 | 432.50 | 10/07/2017 | CD | DVD - With book | CD 1 | |||||||
| Dewey Decimal Classification | Academic Bookshop | Central Library | Central Library | Second Floor | 10/07/2017 | Purchase | 216.00 | 1842 | 448.3421 BOU | 000041993 | 24/08/2022 | 432.50 | 10/07/2017 | CD | DVD - With book | CD 2 | |||||||
| Dewey Decimal Classification | Academic Bookshop | Central Library | Central Library | Second Floor | 10/07/2017 | Purchase | 216.00 | 1842 | 448.3421 BOU | 000041994 | 24/08/2022 | 432.50 | 10/07/2017 | CD | DVD - With book | CD 3 | |||||||
| Dewey Decimal Classification | Academic Bookshop | Central Library | Central Library | Second Floor | 10/07/2017 | Purchase | 216.00 | 1842 | 448.3421 BOU | 000041995 | 24/08/2022 | 432.50 | 10/07/2017 | CD | DVD - With book | CD 4 | |||||||
| Dewey Decimal Classification | Academic Bookshop | Central Library | Central Library | Second Floor | 10/07/2017 | Purchase | 216.00 | 1842 | 448.3421 BOU | 000041996 | 24/08/2022 | 432.50 | 10/07/2017 | CD | DVD - With book | CD 5 |